| 000 | 00381nam a2200145Ia 4500 | ||
|---|---|---|---|
| 008 | 230917s9999||||xx |||||||||||||| ||und|| | ||
| 040 |
_e146722 _aMAIN |
||
| 041 | _aEnglish | ||
| 082 | _a647.94 T286L | ||
| 100 | _aTesone, D V | ||
| 245 | 0 | _aLittle book of cases in hospitality management | |
| 260 |
_aNew Jersey _bPearson Prentice-Hall _c2005 |
||
| 300 | _a116 p. | ||
| 942 | _cBK | ||
| 999 |
_c152929 _d152929 |
||